| 000 | 00635nam a2200181 i 4500 | ||
|---|---|---|---|
| 001 | 23381 | ||
| 003 | ES-MaACL | ||
| 005 | 20230906152848.0 | ||
| 007 | t| | ||
| 008 | 021210s1969 sp ||||1| spa d | ||
| 100 | 1 |
_aAllen, Carleton Kemp. _919981 |
|
| 245 | 1 | 4 |
_aLas fuentes del derecho inglés / _cestudio preliminar por Antonio Ortiz García ; [traducción Antonio Ortiz García]. |
| 260 |
_aMadrid : _bInstituto de Estudios Políticos, _c1969. |
||
| 300 |
_aCXX, 930 p. ; _c21 cm. |
||
| 700 | 1 |
_aOrtiz García, Antonio. _987619 |
|
| 710 | 2 |
_aInstituto de Estudios Políticos (Madrid) _94924 |
|
| 852 |
_aES-MaACL _jC-38871 _bR.71560 |
||
| 999 |
_c23381 _d23381 |
||